El Salvador: Beyond Elections /
La NACLA dedica este número de su revista al estudio del proceso electoral salvadoreño del 28 de marzo de 1982. En los diferentes artículos se tratan los siguientes temas: 1°. examen de las elecciones en sí mismas: las campañas electorales, las votaciones y los resultados de éstas 2°. trata de penet...
Salvato in:
| Autore principale: | |
|---|---|
| Natura: | testo |
| Soggetti: | |
| Tags: |
Aggiungi Tag
Nessun Tag, puoi essere il primo ad aggiungerne!!
|
MARC
| LEADER | 00000 a a2200000 04500 | ||
|---|---|---|---|
| 001 | 9831 | ||
| 003 | |||
| 040 | |||
| 100 | |a Armstrong, Robert | ||
| 245 | |a El Salvador: |b Beyond Elections / |c Robert Armstrong | ||
| 520 | |a La NACLA dedica este número de su revista al estudio del proceso electoral salvadoreño del 28 de marzo de 1982. En los diferentes artículos se tratan los siguientes temas: 1°. examen de las elecciones en sí mismas: las campañas electorales, las votaciones y los resultados de éstas 2°. trata de penetrar en la realidad cotidiana de las diferentes clases en El Salvador y plantea la interrogante sobre lo que hubiese significado no votar 3°. analiza al personal del gobierno electo, las alianzas y las divisiones al interior de éste y los intereses que cada uno representa y, 4°. estudia como las fuerzas revolucionarias, por sí mismas, asumieron una posición en las elecciones y examina la continua ofensiva militar de la guerrilla y su esfuerzo por llevar la revolución a las ciudades. ABB/mb | ||
| 650 | |a PARTIDOS POLITICOS | ||
| 650 | |a POLITICA | ||
| 650 | |a PROPAGANDA | ||
| 650 | |a VOTACION | ||
| 650 | |a ELECCIONES | ||
| 650 | |a MOVIMIENTOS DE LIBERACION NACIONAL | ||
| 650 | |a GRUPOS DE INTERESES | ||
| 650 | |a ASPECTOS POLITICOS | ||
| 773 | |g volumen 16, número 2; páginas 2-31 | ||
| 999 | |c 39315 |d 39315 | ||
